000 01827nam0a2200385 i 4500
001 RU\NLR\bibl\2060131
005 20240921135135.0
010 _a9785967717888
021 _aRU
_b2013-52545
_93648
035 _a(nilc)RuMoRGB-006603128
035 _a(NLR Aleph) 002046893
090 _a4622862
_c4622862
100 _a20130708d2012 u y0rusy50 ca
101 0 _arus
102 _aRU
105 _aa |||||||||
200 1 _aУчет и оплата труда работников государственных и муниципальных учреждений : актуальные вопросы
_eприменение "1С:Зарплата и кадры бюджетного учреждения 8"
_fИ. В. Гейц, Е. А. Кадыш
205 _aИзд. 3-е
210 _aМосква
_c"1С-Паблишинг"
_d2012
215 _a440 с.
_cил.
_d21
225 1 _a1 С консалтинг
225 1 _aУчебные материалы "1С Бухгалтерский и налоговый консалтинг"
225 1 _aЗаконодательство 2012 года!
517 0 _aПрименение "1С:Зарплата и кадры бюджетного учреждения 8"
606 1 _aБюджетные учреждения
_xЗаработная плата
_xБухгалтерский учет
_yРоссийская Федерация
_92527131
_3RU\NLR\auth\661497107
686 1 _aУ052.9(2)2-146.45
700 1 _aГейц
_bИ. В.
_gИгорь Викторович
_4070
701 1 _aКадыш
_bЕ. А.
_gЕлена Арнольдовна
_4070
801 0 _aRU
_bRuMoRKP
_c20130708
_gRCR
801 2 _aRU
_bРГБ
_c20130724
_grcr
801 1 _aRU
_bRuMoRKP
_c20130708
_2rusmarc
801 2 _aRU
_bNLR
_c20130806
_grcr
942 _cBOOK
980 _aNBR